| 000 | 00550nam a2200169 i 4500 | ||
|---|---|---|---|
| 001 | 104076 | ||
| 003 | ES-MaACL | ||
| 005 | 20230906183514.0 | ||
| 007 | t| | ||
| 008 | 051122s1963 sp ||||1| spa d | ||
| 245 | 0 | 0 |
_aMicrobiología general y aplicada... / _cWilliam Bowen Sarles, William Carroll Frazier, Joe Bransford Wilson, Stanley Glenu Knight. |
| 250 | _a1ª ed. | ||
| 260 |
_aBarcelona : _bSalvat, _c1963. |
||
| 300 |
_aXVI, 541 p. : _bil. ; _c23 cm. |
||
| 700 | 1 |
_aSarles, William Bowen. _9103822 |
|
| 852 |
_aES-MaACL _jC-23473 _bR.52159 |
||
| 999 |
_c104076 _d104076 |
||